Normas básicas sobre derecho internacional humanitario./ (Registro nro. 7978)
[ vista simple ]
| 000 -LEADER | |
|---|---|
| fixed length control field | 02139nam a2200181Ia 4500 |
| 005 - FECHA Y HORA DE LA ÚLTIMA TRANSACCIÓN | |
| control field | 20250630081720.0 |
| 008 - FIXED-LENGTH DATA ELEMENTS--GENERAL INFORMATION | |
| fixed length control field | 230427s9999 xx 000 0 und d |
| 040 ## - CATALOGING SOURCE | |
| Original cataloging agency | UPAN |
| Transcribing agency | Biblioteca San Vicente |
| Description conventions | RCAA2 |
| 041 ## - LANGUAGE CODE | |
| Language code of text/sound track or separate title | spa |
| 082 ## - DEWEY DECIMAL CLASSIFICATION NUMBER | |
| Classification number | 341.481 |
| Item number | E49n |
| año de publicación | 2000 |
| 110 ## - MAIN ENTRY--CORPORATE NAME | |
| Corporate name or jurisdiction name as entry element | Comisión Nacional de Derechos Humanos |
| 245 #0 - TITLE STATEMENT | |
| Title | Normas básicas sobre derecho internacional humanitario./ |
| Remainder of title | Comisión Nacional de Derechos Humanos |
| 260 ## - PUBLICATION, DISTRIBUTION, ETC. (IMPRINT) | |
| Place of publication, distribution, etc | El Salvador: |
| Name of publisher, distributor, etc | Criterio, |
| Date of publication, distribution, etc | 2000 |
| 300 ## - PHYSICAL DESCRIPTION | |
| Extent | 450 p.: |
| Dimensions | 28 cm. |
| 505 ## - FORMATTED CONTENTS NOTE | |
| Formatted contents note | Primera parte<br/>1. Convenio de Ginebra del 12 de agosto de 1949 para aliviar la suerte que corren los heridos y los enfermos de las fuerzas armadas en campaña (Convenio I)<br/>2. Convenio de Ginebra <br/>1. Convenio de Ginebra del 12 de agosto de 1949 para aliviar la suerte que corren los heridos , los enfermos y los nàufragos de las fuerzas armadas en el mar (Convenio II)<br/>3. Convenio de Ginebra del 12 de agosto de 1949 relativo al trato debido a los prisioneros de guerra (Convenio III)<br/>4. Convenio de Ginebra del 12 de agosto de 1949 relativo a la protecciòn debida a las personas civiles en tiempo de guerra (Convenio IV)<br/>5. Protocolo de 1977 adicional a los 4 Convenios de Ginebra de 12 de agosto de 1949 relativo a la protecciòn de las vìctimas de los conflictos armados internacionales (Protocolo I)<br/>6. Protocolo de 1977 adicional a los 4 Convenios de Ginebra de 12 de agosto de 1949 relativo a la protecciòn de las vìctimas de los conflictos armados sin caràcter internacional (Protocolo II)<br/>Segunda parte<br/>1. Convenciòn para la Prevenciòn y la Sanciòn del Delito de Genocidio <br/>2. Convenios sobre la Imprescriptibilidad de los Crimenes de Guerra y de los Crìmenes de Lesa Humanidad<br/>3. Convenciòn sobre los Derechos del NIño<br/>4. Estatuto de la Corte Penal Internacional<br/>5. Principios de cooperaciòn Internacional en la Identificaciòn, Detenciòn, Extradicciòn y Castigo de los culpables de crìmenes de guerra o de crìmenes de Lesa Humanidad<br/>6. Declaraciòn sobre la Protecciòn de la Mujer y el Niño en estados de emergencia o de Conflicto Armado |
| 650 ## - SUBJECT ADDED ENTRY--TOPICAL TERM | |
| Source of heading or term | LEMB |
| Topical term or geographic name as entry element | Derecho |
| 942 ## - ADDED ENTRY ELEMENTS (KOHA) | |
| Koha item type | Libros |
| Source of classification or shelving scheme | Dewey Decimal Classification |
| Withdrawn status | Lost status | Source of classification or shelving scheme | Damaged status | Not for loan | Collection code | Home library | Current library | Date acquired | Total Checkouts | Full call number | Barcode | Date last seen | Price effective from | Koha item type |
|---|---|---|---|---|---|---|---|---|---|---|---|---|---|---|
| Dewey Decimal Classification | Colección General | Biblioteca UPAN San Vicente | Biblioteca UPAN San Vicente | 27/04/2023 | 341.481 E49n | 12000593 | 27/04/2023 | 27/04/2023 | Libros | |||||
| Dewey Decimal Classification | Colección General | Biblioteca UPAN San Vicente | Biblioteca UPAN San Vicente | 27/04/2023 | 341.481 E49n | 12000592 | 28/04/2023 | 27/04/2023 | Libros |